Automatizace je ve skladech ako doma

Logistické centrá a sklady sa dnes nedajú predstaviť bez systémov robotizácie a automatizácie, ako sú ťahače, AMR a AGV vozíky. Automaty spolupracujú s ľuďmi, ale vývoj ide ďalej a v súčasnosti sú už sklady, v ktorých sa nesvieti, pracujú v nich stroje a nie ľudia.

Saved in:
Bibliographic Details
Main Author: Toman, Pavel
Format: Book Chapter
Language:Czech
Subjects:
Tags: Add Tag
No Tags, Be the first to tag this record!

MARC

LEADER 00000naa a2200000 4500
001 0286639
005 20240417075209.7
041 0 |a cze 
044 |a CZ 
245 1 0 |a Automatizace je ve skladech ako doma  |c Pavel Toman 
520 |a Logistické centrá a sklady sa dnes nedajú predstaviť bez systémov robotizácie a automatizácie, ako sú ťahače, AMR a AGV vozíky. Automaty spolupracujú s ľuďmi, ale vývoj ide ďalej a v súčasnosti sú už sklady, v ktorých sa nesvieti, pracujú v nich stroje a nie ľudia. 
610 2 0 |a robotizácia 
610 2 0 |a sklady 
610 2 0 |a centrá logistické 
610 2 0 |a Česko 
610 2 0 |a spolupracovníci 
610 2 0 |a zákazníci 
610 2 0 |a firmy 
100 1 |a Toman, Pavel